Исламоведение: Аравия, колыбель ислама (Запис № 379354)

МАРК-запис
000 -Лідер
fixed length control field 00678nam a22002537a 4500
003 - Ідентифікатор контрольного номера
control field UA-OsUOA
001 - Контрольний номер
control field 93133
007 - Фіксоване поле фізичного опису
fixed length control field ta
008 - Елементи даних фіксованої довжини – загальна інформація
fixed length control field 20130115b un ||||| |||| 00| 0 ukr d
090 ## - Локальний шифр розміщення
Класифікаційний індекс УДК 297
Авторський знак (НП) О-79
040 ## - Джерело каталогізації
Агенція оригінальної каталогізації UA-OsUOA
Мова каталогізації rus
Агенція, яка здійснювала перезапис UA-OsUOA
Агенція, яка здійснювала модифікацію UA-OsUOA
041 ## - Код мови
Код мови тексту/ звукової доріжки чи окремого заголовка (П) rus
080 ## - Індекс Універсальної десяткової класифікації
Індекс Універсальної десяткової класифікації (УДК) (НП) 297
020 ## - Міжнародний стандартний книжковий номер (ISBN)
Міжнародний стандартний книжковий номер (ISBN) (НП) 978-5-397-02392-4
100 ## - Основне введення – ім’я особи
Ім’я особи (НП) Остроумов Н. П.
245 ## - Відомості про назву
Назва (НП) Исламоведение: Аравия, колыбель ислама
260 ## - Публікація, розповсюдження і т.п. (Вихідні дані)
Місце публікації, розповсюдження і т.п. (П) М.
Ім’я/ наймення видавництва, розповсюджувача і т.п. (П) КД "Либроком"
Дата публікації, розповсюдження і т.п. (П) 2012
250 ## - Відомості про видання (редакцію)
-- изд. 4-е
300 ## - Фізичний опис
Обсяг 280 с.
650 #7 - Додаткове предметне введення – тематичний термін
Тематичний термін чи географічна назва, як елемент введення (НП) 29 Нехристиянські релігії
Джерело заголовка чи терміна UDC
942 ## - Додаткові елементи входу (Коха)
Тип елемента Koha Книги
955 ## - Код типу видання за змістом
Код типу видання за змістом (НП) Навчальні видання
Фонди
Стан вилучень Стан втрат Джерело класифікації або схеми стелажів Стан уражень Не для кредиту Постійне місце розташування Поточне розміщення Дата придбання Джерело придбання Вартість, звичайна ціна покупки Інвентарний номер Усього замовленно Повний номер виклику Штрих-код Дата останнього перегляду Ціна ефективна від Тип елемента Koha Примітка, призначена для загального доступу
    Universal Decimal Classification     ЧЗ - Читальна зала ЧЗ - Читальна зала 15/01/2013 1/2013 139.00 141119   297 О-79 141119 07/02/2022 15/01/2013 Книги  
    Universal Decimal Classification     ЧЗ - Читальна зала ЧЗ - Читальна зала 15/01/2013 1/2013 139.00 141120   297 О-79 141120 07/02/2022 15/01/2013 Книги  
    Universal Decimal Classification     ЧЗ - Читальна зала ЧЗ - Читальна зала 15/01/2013 1/2013 139.00 141121   297 О-79 141121 07/02/2022 15/01/2013 Книги  
    Universal Decimal Classification     ЧЗ - Читальна зала ЧЗ - Читальна зала 15/01/2013 1/2013 139.00 141122   297 О-79 141122 07/02/2022 15/01/2013 Книги  
    Universal Decimal Classification     ЧЗ - Читальна зала ЧЗ - Читальна зала 15/01/2013 1/2013 139.00 141123   297 О-79 141123 07/02/2022 15/01/2013 Книги з автографом Н. Остроумова
    Universal Decimal Classification     ЧЗ - Читальна зала ЧЗ - Читальна зала 15/01/2013 1/2013 139.00 141124   297 О-79 141124 07/02/2022 15/01/2013 Книги  
    Universal Decimal Classification     ЧЗ - Читальна зала ЧЗ - Читальна зала 15/01/2013 1/2013 139.00 141125   297 О-79 141125 07/02/2022 15/01/2013 Книги